Películas referenciadas en Los Simpson #3 - Estadísticas

Estadísticas generales
  • Esta prueba ha sido intentada 34 veces
  • La puntuación promedio es 8 de 20
Estadísticas de respuestas
Imagen Respuesta % Correcto
El hombre araña
100%
Eso
100%
Pinocho
90%
Los juegos del hambre
77%
Transformers
74%
Piratas del Caribe: la maldición del Perla Negra
68%
Matrix
55%
El viaje de Chihiro
42%
Actividad paranormal
35%
Sé lo que hicieron el verano pasado
35%
Mi pobre angelito
32%
Cabo de miedo
23%
Intriga internacional
19%
Alien - El octavo pasajero
16%
Eterno resplandor de una mente sin recuerdos
16%
El graduado
13%
Godzilla / El ataque de la mujer de 50 pies
13%
La profecía
13%
El francotirador
10%
Un perro andaluz
6%
No se encontraron pruebas coincidentes
Distribución de puntuación
Porcentaje de gente con cada puntuación
Porcentaje por número respondido
Historial de tus puntuaciones
No has intentado esta prueba.